000134608 001__ 134608
000134608 005__ 20240522103111.0
000134608 0247_ $$2doi$$a10.26754/ojs_ondina/ond.202399982
000134608 0248_ $$2sideral$$a138299
000134608 037__ $$aART-2023-138299
000134608 041__ $$aspa
000134608 100__ $$0(orcid)0000-0001-9552-3952$$aAparicio García, Isabel$$uUniversidad de Zaragoza
000134608 245__ $$aSolnit, R. (2021). "Cenicienta liberada", ilustrado por Arthur Rackham y traducido por Antonia Martín. Madrid: Lumen, Penguin Random House, 69 páginas.
000134608 260__ $$c2023
000134608 5060_ $$aAccess copy available to the general public$$fUnrestricted
000134608 5203_ $$aLa historiadora y pensadora feminista Rebecca Solnit reinventa “La Cenicienta”, uno de los cuentos de hadas más presentes en el imaginario cultural que goza de una rica variedad literaria, musical y cinematográfica.
En esta reescritura actualizada, Solnit preserva numerosos elementos de la versión de Charles Perrault, una elaboración literaria incluida en Cuentos de Mamá Oca (1697), e incorpora interesantes variaciones entre las que destaca, en palabras de la autora, «una salida de ese drama más aceptable que la que todos conocemos» (2021, p. 62).
000134608 540__ $$9info:eu-repo/semantics/openAccess$$aby$$uhttp://creativecommons.org/licenses/by/3.0/es/
000134608 655_4 $$ainfo:eu-repo/semantics/other$$vinfo:eu-repo/semantics/publishedVersion
000134608 7102_ $$14013$$2195$$aUniversidad de Zaragoza$$bDpto. Didácticas Específicas$$cÁrea Didáctica Lengua y Liter.
000134608 773__ $$g9 (2023), 285-289$$pOndina ondine$$tOndina, ondine$$x2605-0285
000134608 8564_ $$s937191$$uhttps://zaguan.unizar.es/record/134608/files/texto_completo.pdf$$yVersión publicada
000134608 8564_ $$s1872267$$uhttps://zaguan.unizar.es/record/134608/files/texto_completo.jpg?subformat=icon$$xicon$$yVersión publicada
000134608 909CO $$ooai:zaguan.unizar.es:134608$$particulos$$pdriver
000134608 951__ $$a2024-05-22-10:20:44
000134608 980__ $$aARTICLE